Building without Borders : Sustainable Construction for the Global Village /
Descripción de esfuerzos arquitectónicos desarrollados para atender problemáticas habitacionales en diversas partes del mundo -India, China, Tailandia, el suroeste de Estados Unidos, Africa y Latinoamérica- sin generar consecuencias adversas para el medio ambiente. Comprende una contribución enfocad...
保存先:
| 第一著者: | |
|---|---|
| フォーマット: | 図書 |
| 言語: | 英語 |
| 出版事項: |
Isla Gabriola, Canadá :
New Society,
2004, c2004
|
| シリーズ: | (Natural Building)
|
| 主題: | |
| タグ: |
タグなし, このレコードへの初めてのタグを付けませんか!
|
MARC
| LEADER | 00000nam^a2200000^a^4500 | ||
|---|---|---|---|
| 001 | 000184785 | ||
| 005 | 20250521000000.0 | ||
| 009 | 20260310102126.935 | ||
| 020 | |a 0-86571-481-9 | ||
| 037 | |a Acervo ITESO - Biblioteca | ||
| 041 | |a ING | ||
| 082 | |a 720. 47 |b KEN | ||
| 100 | |a Kennedy, Joseph F. |e (ed.) | ||
| 245 | 1 | 0 | |a Building without Borders : |b Sustainable Construction for the Global Village / |c Ed. e introd. de J.F. Kennedy ; pref. de Owen Geiger ; pról. de Judy Knox. |
| 264 | 4 | |a Isla Gabriola, Canadá : |b New Society, |c 2004, c2004 | |
| 300 | |a XVIII, 253 p. | ||
| 336 | |a texto |b txt |2 rdacontenido | ||
| 337 | |a sin mediación |b n |2 rdamedio | ||
| 338 | |a volumen |b nc |2 rdasoporte | ||
| 440 | 1 | |a (Natural Building) | |
| 520 | |a Descripción de esfuerzos arquitectónicos desarrollados para atender problemáticas habitacionales en diversas partes del mundo -India, China, Tailandia, el suroeste de Estados Unidos, Africa y Latinoamérica- sin generar consecuencias adversas para el medio ambiente. Comprende una contribución enfocada especialmente al desarrollo de asentamientos sustentables para refugiados y poblaciones desplazadas. | ||
| 649 | |a XX | ||
| 650 | |a Refugiados | ||
| 650 | |a Ecodiseño | ||
| 650 | |a Diseño Arquitectónico | ||
| 650 | |a Materiales de Construcción | ||
| 650 | |a Construcción | ||
| 650 | |a Problemática Habitacional | ||
| 650 | |a Vivienda | ||
| 650 | |a Desarrollo Sustentable | ||
| 650 | |a Conservación y Protección Ambiental | ||
| 650 | |a Arquitectura y Sociedad | ||
| 650 | |a Arquitectura - |x Historia y Crítica | ||
| 910 | |a Fondo General | ||
| 920 | |a Impresos - Libros | ||
| 930 | |a Colección General | ||
| 905 | |a 101 | ||
| 901 | |a 0500125702 |b IT1 |c ACC |u 20250521 | ||
| 902 | |a https://opac.biblio.iteso.mx/vufind/Record/000184785 | ||